000 00301nam a2200133Ia 4500
008 231129s1972||||xx |||||||||||||| ||spa||
040 _bspa
082 _a923.173 S568j
100 _aSidey Hugh
245 0 _aJohn F. Kennedy presidente
260 _c1972
264 _aJuventud
942 _2ddc
_cBKS
999 _c16117
_d16117